000 00288nam a22001337a 4500
008 181003b xxu||||| |||| 00| 0 eng d
020 _a9780810939165
041 _aeng
080 _a591
100 _a7
101 _aZOO
245 _aThe Ubiquitous Pig
_cNissenson,M
942 _2udc
_cBK
999 _c48813
_d48813